[Event "17. OIBM Bad Wiessee"]
[Site "Bad Wiessee"]
[Date "2013.10.31"]
[Round "7.22"]
[White "Bellia, Fabrizio"]
[Black "Polster, Wolfgang"]
[Result "1-0"]
[WhiteElo "2421"]
[BlackElo "2280"]
[PlyCount "73"]
[EventDate "2013.??.??"]
[BlackTeam "SV Koblenz 03/25"]

1. d4 f5 2. c4 c6 3. Nc3 g6 4. g3 Bg7 5. Bg2 Nh6 6. Nf3 O-O 7. O-O Nf7 8. Re1
d6 9. e4 e5 10. exf5 gxf5 11. Be3 Na6 12. Qd2 Bf6 13. h4 e4 14. Ng5 Nxg5 15.
hxg5 Be7 16. d5 Nc5 17. Bf1 Nd7 18. dxc6 bxc6 19. Nd5 Ne5 20. Nxe7+ Qxe7 21.
Be2 Be6 22. b3 Rad8 23. Rad1 Rd7 24. c5 Nf3+ 25. Bxf3 exf3 26. cxd6 Qf7 27. Qb4
Bd5 28. Qh4 Re8 29. Bc5 Re6 30. Rxe6 Qxe6 31. Qf4 Rd8 32. Bb4 Re8 33. Bc3 c5
34. g6 Bc6 35. d7 Bxd7 36. gxh7+ Kxh7 37. Rd6 1-0

[Event "17. OIBM Bad Wiessee"]
[Site "Bad Wiessee"]
[Date "2013.10.31"]
[Round "7.23"]
[White "Esipenko, Andrey"]
[Black "Berchtenbreiter, Max"]
[Result "0-1"]
[WhiteElo "2248"]
[BlackElo "2405"]
[PlyCount "122"]
[EventDate "2013.??.??"]
[BlackTeam "SG Pang-Rosenheim 1910 e.V."]

1. d4 Nf6 2. c4 a6 3. Nf3 c5 4. d5 b5 5. Nbd2 d6 6. e4 g6 7. b3 Bg7 8. Bb2 O-O
9. Be2 bxc4 10. Bxc4 Bg4 11. Qc2 a5 12. O-O Na6 13. Ne1 Nb4 14. Qb1 e6 15. dxe6
Bxe6 16. Bxe6 fxe6 17. Nd3 Nc6 18. Qd1 e5 19. Re1 Bh6 20. Nc4 Ra7 21. Qe2 Qd7
22. Rad1 Nd4 23. Bxd4 cxd4 24. Qb2 Qc6 25. f3 Rb8 26. Re2 a4 27. Rc2 axb3 28.
axb3 Qa6 29. b4 d5 30. Ncxe5 Be3+ 31. Kh1 dxe4 32. fxe4 Nxe4 33. Rc6 Qa2 34.
Qxa2+ Rxa2 35. Nd7 Rba8 36. Nf6+ Nxf6 37. Rxf6 Rd2 38. Rff1 Raa2 39. Rxd2 Rxd2
40. Ne5 Rb2 41. Nd3 Rd2 42. Ne5 Rb2 43. Nd3 Rb3 44. Rd1 Bd2 45. g3 Rxd3 46. b5
Kf7 47. b6 Ke6 48. b7 Rb3 49. Rxd2 Kd5 50. Kg2 Rxb7 51. Kf2 Ke4 52. Ra2 Kd3 53.
h4 Kc3 54. Ra3+ Kc2 55. Ra2+ Rb2 56. Ra7 d3 57. Rxh7 Kc1+ 58. Ke3 d2 59. Rc7+
Rc2 60. Ra7 Rc3+ 61. Kd4 Rb3 0-1

[Event "17. OIBM Bad Wiessee"]
[Site "Bad Wiessee"]
[Date "2013.10.31"]
[Round "7.24"]
[White "Nagel, Bernhard"]
[Black "Morawietz, Dieter"]
[Result "0-1"]
[WhiteElo "2216"]
[BlackElo "2392"]
[PlyCount "100"]
[EventDate "2013.??.??"]
[WhiteTeam "Wiesbadener SV 1885"]
[BlackTeam "Klub Kölner SF e.V. 1"]

1. Nf3 c5 2. c4 Nc6 3. Nc3 g6 4. g3 Bg7 5. Bg2 d6 6. O-O Nh6 7. d3 O-O 8. Rb1
Nf5 9. e4 Nfd4 10. Nxd4 Nxd4 11. Ne2 Bg4 12. f3 Be6 13. Be3 b5 14. b3 bxc4 15.
bxc4 Qa5 16. Nxd4 cxd4 17. Qd2 Qa3 18. Bf2 Rab8 19. Rfc1 Bd7 20. Bf1 f5 21. Be2
fxe4 22. dxe4 e5 23. Kg2 h5 24. Qd3 Qxd3 25. Bxd3 Bh6 26. Rxb8 Rxb8 27. Rb1
Rxb1 28. Bxb1 Be6 29. Bd3 Bd2 30. Kf1 g5 31. Ke2 Bb4 32. Kd1 Kf7 33. h4 gxh4
34. gxh4 Ke7 35. Kc2 Kd7 36. Bg3 Kc6 37. f4 exf4 38. Bxf4 Kc5 39. Kb3 Be1 40.
Bg5 a5 41. Be7 Bxc4+ 42. Kc2 Bg3 43. Bd8 Bxa2 44. Bxa5 Bxh4 45. Be2 Bf7 46. Bf3
Bg3 47. Bd8 h4 48. Bg4 Bc4 49. Be7 d3+ 50. Kd2 Kd4 0-1

[Event "17. OIBM Bad Wiessee"]
[Site "Bad Wiessee"]
[Date "2013.10.31"]
[Round "7.25"]
[White "Sabel, Reinhard"]
[Black "Moor, Oliver"]
[Result "0-1"]
[WhiteElo "2007"]
[BlackElo "2391"]
[PlyCount "64"]
[EventDate "2013.??.??"]
[WhiteTeam "SF Mainz 1928"]

1. d4 Nf6 2. c4 e6 3. Nc3 Bb4 4. e3 c5 5. Bd3 Nc6 6. Nge2 Bxc3+ 7. bxc3 d6 8.
O-O e5 9. e4 O-O 10. Bg5 h6 11. Bh4 g5 12. Bg3 Nh5 13. d5 Ne7 14. f3 f5 15.
exf5 Bxf5 16. Bf2 Bxd3 17. Qxd3 Qd7 18. a4 Rf7 19. Be3 Nf4 20. Qd2 Raf8 21. Ng3
Neg6 22. Rf2 Nh4 23. Qd1 Nfxg2 24. Rxg2 Rxf3 25. Re2 Qh3 26. Qd3 Rxg3+ 27. hxg3
Nf3+ 28. Kf2 e4 29. Qd1 Qh2+ 30. Kf1 Qh1+ 31. Kf2 Ne5+ 32. Bf4 Ng4# 0-1

[Event "17. OIBM Bad Wiessee"]
[Site "Bad Wiessee"]
[Date "2013.10.31"]
[Round "7.27"]
[White "Schäfer, Michael"]
[Black "Rambaldi, Francesco"]
[Result "0-1"]
[WhiteElo "2151"]
[BlackElo "2361"]
[PlyCount "36"]
[EventDate "2013.??.??"]
[WhiteTeam "FB Mörlenbach-Birkenau"]

1. d4 Nf6 2. c4 g6 3. Nc3 Bg7 4. e4 d6 5. Be2 O-O 6. Bg5 c5 7. d5 b5 8. cxb5 a6
9. bxa6 Qa5 10. Bd2 Bxa6 11. Nf3 Qb4 12. Bxa6 Nxa6 13. Qc2 Qc4 14. b3 Nb4 15.
Qb1 Qa6 16. e5 Ng4 17. Nb5 Qxb5 18. h3 Nxe5 0-1

[Event "17. OIBM Bad Wiessee"]
[Site "Bad Wiessee"]
[Date "2013.10.31"]
[Round "7.29"]
[White "Rosen, Bernd"]
[Black "Albrecht, Rainer"]
[Result "1-0"]
[WhiteElo "2341"]
[BlackElo "2129"]
[PlyCount "161"]
[EventDate "2013.??.??"]
[WhiteTeam "SF Katernberg 1913 e.V"]
[BlackTeam "SC Kreuzberg e.V."]

1. c4 e5 2. g3 c6 3. d4 Bb4+ 4. Bd2 Bxd2+ 5. Qxd2 d6 6. Nc3 Nf6 7. Bg2 Be6 8.
Rd1 Qe7 9. d5 cxd5 10. Nxd5 Nxd5 11. Bxd5 O-O 12. e3 Na6 13. Ne2 Bxd5 14. Qxd5
Rac8 15. O-O Rfd8 16. b3 Rc5 17. Qe4 Rd7 18. Nc3 Qe6 19. Rd2 f5 20. Qf3 e4 21.
Qf4 Nb4 22. Rfd1 Nd3 23. Rxd3 exd3 24. Rxd3 a6 25. a4 Re5 26. Qd4 Rc5 27. Kg2
Qe5 28. Qxe5 Rxe5 29. Nd5 Kf7 30. a5 g6 31. f4 Re4 32. Kf3 h5 33. h3 Rd8 34.
Nc3 Re6 35. Nd5 Rc8 36. Nb6 Rc6 37. Rd4 Ke7 38. b4 Kd8 39. Ke2 Kc7 40. Kd3 Kd8
41. Nd5 Kd7 42. Nc3 b6 43. axb6 Rxb6 44. Nd5 Rb8 45. Kc3 Kc6 46. Rd2 Re4 47.
Kd3 Kb7 48. g4 hxg4 49. hxg4 Rc8 50. Rc2 Kb8 51. g5 Rh8 52. b5 axb5 53. Rb2 Ka7
54. Rxb5 Rb8 55. Ra5+ Kb7 56. Nf6 Re6 57. Ra1 Kc6 58. Ra6+ Rb6 59. Ra3 Rb7 60.
Nd5 Rh7 61. Ra8 Rg7 62. Kc3 Kb7 63. Rf8 Kc6 64. Kd3 Re4 65. Nc3 Re6 66. Nb5 Kc5
67. Nd4 Ree7 68. Rc8+ Kb6 69. Rc6+ Kb7 70. Rxd6 Rd7 71. Rf6 Rg8 72. c5 Rc7 73.
Kc4 Re7 74. Rb6+ Ka8 75. Kb5 Rxe3 76. Ra6+ Kb7 77. c6+ Kc7 78. Ra7+ Kb8 79. Kb6
Rc3 80. c7+ Kc8 81. Ra8+ 1-0

[Event "17. OIBM Bad Wiessee"]
[Site "Bad Wiessee"]
[Date "2013.10.31"]
[Round "7.30"]
[White "Zunker, Reinhard"]
[Black "Zude, Arno"]
[Result "1/2-1/2"]
[WhiteElo "2198"]
[BlackElo "2416"]
[PlyCount "162"]
[EventDate "2013.??.??"]
[WhiteTeam "SV 1920 Hofheim"]
[BlackTeam "SV 1920 Hofheim"]

1. d4 Nf6 2. c4 e6 3. Nf3 b6 4. g3 Bb7 5. Bg2 Be7 6. Nc3 Ne4 7. Nxe4 Bxe4 8.
O-O O-O 9. Nd2 Bxg2 10. Kxg2 d5 11. b3 Bf6 12. Nf3 c5 13. Bb2 Nc6 14. e3 Rc8
15. Rc1 cxd4 16. exd4 dxc4 17. bxc4 Na5 18. Qe2 Qd7 19. Kg1 Rfd8 20. c5 Qd5 21.
Bc3 Nc6 22. cxb6 axb6 23. Rb1 Nxd4 24. Bxd4 Bxd4 25. Nxd4 Qxd4 26. Qb5 Rc2 27.
Qxb6 Qxb6 28. Rxb6 Rxa2 29. Rfb1 g5 30. Rb8 Rxb8 31. Rxb8+ Kg7 32. Rb4 Kg6 33.
Kg2 e5 34. g4 f6 35. Rb6 Ra4 36. h3 Rf4 37. Rb3 h5 38. Kg3 Rd4 39. Rf3 Kf7 40.
Rb3 Kg6 41. Rf3 h4+ 42. Kg2 Kf7 43. Rb3 Ke6 44. Kf3 Rc4 45. Rb6+ Ke7 46. Rb3
Rf4+ 47. Kg2 f5 48. Rb7+ Kd6 49. Rb6+ Kc5 50. Rg6 fxg4 51. Rxg5 gxh3+ 52. Kxh3
Kd4 53. Kg2 Kd5 54. Rh5 Ke6 55. Rh8 Kf5 56. Rf8+ Ke4 57. Ra8 Kd5 58. Ra5+ Ke6
59. Ra6+ Kf5 60. Ra8 Rc4 61. Rh8 Rg4+ 62. Kh3 Rf4 63. Kg2 Ke4 64. Ra8 h3+ 65.
Kf1 Rf3 66. Ke2 Rb3 67. Ra4+ Kd5 68. Rh4 Ra3 69. Rh6 Kd4 70. Rh8 Rb3 71. Rh7
Rb2+ 72. Kf3 e4+ 73. Kg3 Rb3+ 74. Kh2 Rf3 75. Kg1 Kd3 76. Rh4 Kd4 77. Rh8 Kd3
78. Rh7 Kd2 79. Rh8 Ke2 80. Rh4 Kd3 81. Rh8 Ke2 1/2-1/2

[Event "17. OIBM Bad Wiessee"]
[Site "Bad Wiessee"]
[Date "2013.10.31"]
[Round "7.31"]
[White "Forchert, Martin"]
[Black "Möhn, Hans"]
[Result "1/2-1/2"]
[WhiteElo "2398"]
[BlackElo "2181"]
[PlyCount "29"]
[EventDate "2013.??.??"]
[WhiteTeam "Bielefelder SK von 1883"]
[BlackTeam "USV TU Dresden"]

1. d4 Nf6 2. g3 e6 3. Bg2 d5 4. Nf3 Be7 5. O-O O-O 6. b3 Nbd7 7. Bb2 b6 8. c4
c6 9. Nc3 Ba6 10. cxd5 cxd5 11. Rc1 Rc8 12. Ne1 Nb8 13. Nc2 Bd6 14. Na3 Qd7 15.
Rc2 1/2-1/2

[Event "17. OIBM Bad Wiessee"]
[Site "Bad Wiessee"]
[Date "2013.10.31"]
[Round "7.32"]
[White "Bodach, Hans"]
[Black "Pirrot, Dieter"]
[Result "1-0"]
[WhiteElo "2199"]
[BlackElo "2395"]
[PlyCount "112"]
[EventDate "2013.??.??"]
[WhiteTeam "SV Dresden-Leuben"]
[BlackTeam "SV 1920 Hofheim"]

1. e4 e6 2. d4 d5 3. Nd2 Nf6 4. e5 Nfd7 5. Bd3 c5 6. c3 Nc6 7. Ne2 cxd4 8. cxd4
f6 9. exf6 Nxf6 10. Nf3 Bd6 11. O-O Qc7 12. Nc3 a6 13. Be3 O-O 14. Rc1 h6 15.
h3 g5 16. g4 Qg7 17. Kg2 Bd7 18. a3 Rf7 19. Ne2 h5 20. Nxg5 hxg4 21. h4 Rff8
22. Ng3 Ne7 23. Qc2 Rae8 24. Rh1 Kh8 25. h5 Nf5 26. Qd2 Nxe3+ 27. Qxe3 Ne4 28.
N5xe4 Bf4 29. Qe2 Bxc1 30. Nd6 Bf4 31. Nxe8 Rxe8 32. Bg6 Rf8 33. Qd1 Bxg3 34.
fxg3 e5 35. dxe5 Qxe5 36. Qd2 Kg7 37. Rd1 Rf3 38. Qd4 Rxg3+ 39. Kf2 Rf3+ 40.
Kg2 Qxd4 41. Rxd4 Rb3 42. Rd2 Bc6 43. Rd3 Rxd3 44. Bxd3 Kh6 45. Bf5 Kxh5 46.
Kg3 Kg5 47. Bxg4 d4 48. Bd1 Be4 49. Bb3 d3 50. Bd1 Kf5 51. Bb3 Ke5 52. Kf2 Kd4
53. Bd1 Bd5 54. Ba4 b5 55. Bd1 a5 56. Bg4 Bb3 1-0

[Event "17. OIBM Bad Wiessee"]
[Site "Bad Wiessee"]
[Date "2013.10.31"]
[Round "7.33"]
[White "Krauseneck, Peter"]
[Black "Braun, Christian"]
[Result "0-1"]
[WhiteElo "2184"]
[BlackElo "2367"]
[PlyCount "70"]
[EventDate "2013.??.??"]
[WhiteTeam "SC 1868 Bamberg"]
[BlackTeam "DJK Aufwärts St. Josef Aachen 19"]

1. e4 e6 2. d4 d5 3. Nc3 Nf6 4. Bg5 Be7 5. e5 Nfd7 6. h4 Nc6 7. Qg4 f6 8. Nf3
fxg5 9. hxg5 g6 10. O-O-O Nf8 11. Ne2 Qd7 12. Nf4 Nd8 13. Bd3 Nf7 14. Kb1 b5
15. Rh3 Bb7 16. Rg3 O-O-O 17. Nh3 h6 18. Qf4 Nxg5 19. Nfxg5 hxg5 20. Nxg5 Bxg5
21. Qxg5 Bc6 22. Qd2 Kb7 23. Qa5 a6 24. a4 Ra8 25. Bxg6 Nxg6 26. Rxg6 Rhg8 27.
Rxg8 Rxg8 28. axb5 axb5 29. g3 Qf7 30. Qe1 Qf3 31. b3 Rf8 32. Kb2 Qxf2 33. Qb4
Ra8 34. Qe7 Qxg3 35. Qxe6 b4 0-1

[Event "17. OIBM Bad Wiessee"]
[Site "Bad Wiessee"]
[Date "2013.10.31"]
[Round "7.34"]
[White "Burchert, Wolfgang"]
[Black "Deglmann, Ludwig"]
[Result "0-1"]
[WhiteElo "2157"]
[BlackElo "2351"]
[PlyCount "82"]
[EventDate "2013.??.??"]
[WhiteTeam "SC Hansa Dortmund e.V."]
[BlackTeam "SK Weilheim"]

1. e4 c5 2. Nf3 Nc6 3. d4 cxd4 4. Nxd4 g6 5. c4 Nf6 6. Nc3 d6 7. Be2 Nxd4 8.
Qxd4 Bg7 9. Be3 O-O 10. Qd2 a5 11. f3 a4 12. Rb1 Qa5 13. O-O Be6 14. Nd5 Qxd2
15. Nxe7+ Kh8 16. Bxd2 Rfe8 17. Nd5 Nxd5 18. cxd5 Bxd5 19. Bb5 Bxa2 20. Ra1 Re5
21. Bc3 Rxb5 22. Bxg7+ Kxg7 23. Rxa2 Rc8 24. Rf2 Rc1+ 25. Rf1 Rxf1+ 26. Kxf1
Kf6 27. Ke2 Ke5 28. Kd3 d5 29. Rxa4 Rxb2 30. Ra5 b5 31. Kc3 Rxg2 32. Rxb5 Rxh2
33. Rxd5+ Kf4 34. Rd7 Kxf3 35. Kd3 f5 36. exf5 gxf5 37. Rg7 h5 38. Kd4 Re2 39.
Rh7 h4 40. Kd3 Re8 41. Rxh4 Rd8+ 0-1

[Event "17. OIBM Bad Wiessee"]
[Site "Bad Wiessee"]
[Date "2013.10.31"]
[Round "7.35"]
[White "Faibisovich, Vadim"]
[Black "Basener, Winfried"]
[Result "1-0"]
[WhiteElo "2344"]
[BlackElo "2148"]
[PlyCount "29"]
[EventDate "2013.??.??"]
[BlackTeam "SC Neuhausen 1908"]

1. e4 e5 2. Nf3 Nc6 3. Nc3 Bc5 4. Nxe5 Nxe5 5. d4 Bd6 6. dxe5 Bxe5 7. Bd2 g6 8.
Bc4 Bg7 9. Qf3 f6 10. O-O-O c6 11. e5 f5 12. Rhe1 Qe7 13. h4 h5 14. Qg3 Rh6 15.
Bxg8 1-0

[Event "17. OIBM Bad Wiessee"]
[Site "Bad Wiessee"]
[Date "2013.10.31"]
[Round "7.36"]
[White "Klundt, Klaus"]
[Black "Marzano, Carlo"]
[Result "1-0"]
[WhiteElo "2340"]
[BlackElo "2156"]
[PlyCount "113"]
[EventDate "2013.??.??"]
[WhiteTeam "SC Heusenstamm"]

1. e4 e5 2. Nf3 Nf6 3. Nxe5 Nxe4 4. Qe2 Qe7 5. Qxe4 d6 6. d4 dxe5 7. dxe5 Nc6
8. Nc3 Qxe5 9. Qxe5+ Nxe5 10. Nb5 Bb4+ 11. Bd2 Bxd2+ 12. Kxd2 Kd8 13. Rd1 Bd7
14. Kc1 Kc8 15. Be2 a6 16. Nc3 Bc6 17. Nd5 Re8 18. Rhe1 f6 19. f4 Ng6 20. Bg4+
Kb8 21. Rxe8+ Bxe8 22. g3 Bc6 23. c4 a5 24. h4 Bxd5 25. Rxd5 Nf8 26. Rd3 Ka7
27. Re3 g6 28. Re7 f5 29. Bf3 Rc8 30. Kc2 Kb8 31. Re5 c5 32. Kb3 b6 33. Ka4 Rd8
34. Kb5 Kc7 35. Bd5 h5 36. b3 Kd6 37. Bf7 Rb8 38. Bd5 Rd8 39. Re3 Kc7 40. Bc6
Rb8 41. Re7+ Kd6 42. Re8 Rxe8 43. Bxe8 Kc7 44. Ka6 Kd8 45. Bf7 Kd7 46. Ka7 Kc6
47. Kb8 Nd7+ 48. Kc8 Nf6 49. Bxg6 Ne4 50. Bxh5 Nxg3 51. Bf3+ Kd6 52. h5 Ke6 53.
Kc7 Ne4 54. Kxb6 Nf2 55. Kxc5 Nd3+ 56. Kb6 Nxf4 57. a4 1-0

[Event "17. OIBM Bad Wiessee"]
[Site "Bad Wiessee"]
[Date "2013.10.31"]
[Round "7.37"]
[White "Kaeding, Rainer"]
[Black "Tan, Justin"]
[Result "1/2-1/2"]
[WhiteElo "2151"]
[BlackElo "2333"]
[PlyCount "83"]
[EventDate "2013.??.??"]
[WhiteTeam "SV Castrop-Rauxel 1923"]

1. e4 e6 2. d4 d5 3. Nc3 Nf6 4. e5 Nfd7 5. Nce2 c5 6. c3 Nc6 7. f4 b5 8. Nf3
Qb6 9. a3 Be7 10. Be3 Qc7 11. dxc5 Nxc5 12. Ned4 a6 13. Nxc6 Qxc6 14. Nd4 Qc7
15. Qh5 Na4 16. Qe2 Rb8 17. Qc2 Nb6 18. Bd3 Nc4 19. Bf2 g5 20. g3 h5 21. O-O h4
22. Rae1 gxf4 23. gxf4 Rg8+ 24. Kh1 Rg4 25. Bg1 Bb7 26. Qe2 Rg8 27. f5 Kd7 28.
Rf4 Rg5 29. Bf2 Rbg8 30. fxe6+ fxe6 31. Bxh4 Rxe5 32. Rf7 Re8 33. Qf2 Rxe1+ 34.
Qxe1 Qe5 35. Qf1 Nd2 36. Bxb5+ Kc8 37. Rxe7 Nxf1 38. Rxe8+ Kc7 39. Bd8+ Kd6 40.
Be7+ Kc7 41. Bd8+ Kd6 42. Be7+ 1/2-1/2

[Event "17. OIBM Bad Wiessee"]
[Site "Bad Wiessee"]
[Date "2013.10.31"]
[Round "7.38"]
[White "Martin Fernandez, Rodrigo"]
[Black "Eichhorn, Andreas"]
[Result "0-1"]
[WhiteElo "2155"]
[BlackElo "2331"]
[PlyCount "98"]
[EventDate "2013.??.??"]
[WhiteTeam "SC Erlangen 48/88 e.V."]
[BlackTeam "Kölner SK Dr. Lasker 186"]

1. d4 d6 2. c4 e5 3. Nf3 e4 4. Ng5 f5 5. g3 Be7 6. Nh3 Nf6 7. Bg2 c6 8. O-O Na6
9. Nc3 O-O 10. Rb1 d5 11. cxd5 cxd5 12. Qb3 Nc7 13. Rd1 b6 14. f3 Kh8 15. Be3
Ba6 16. Rbc1 Qd7 17. Qc2 Rac8 18. Qd2 Nb5 19. Nxb5 Qxb5 20. Rxc8 Rxc8 21. Rc1
Rxc1+ 22. Qxc1 Qxe2 23. Nf4 Qc4 24. b3 Qxc1+ 25. Bxc1 Kg8 26. fxe4 dxe4 27. Bh3
g6 28. Bf1 Bxf1 29. Kxf1 Kf7 30. Ke2 Bd6 31. Ng2 Nd5 32. a4 Kf6 33. Ne1 g5 34.
Kf2 h5 35. h3 f4 36. gxf4 gxf4 37. Nc2 Nb4 38. Nxb4 e3+ 39. Kf3 Bxb4 40. Bb2
Ke6 41. Ba1 Kd5 42. Bb2 a6 43. Ba1 b5 44. axb5 axb5 45. Bb2 Ba5 46. Ba1 Bd2 47.
Bb2 b4 48. h4 Bc3 49. Bc1 Kxd4 0-1

[Event "17. OIBM Bad Wiessee"]
[Site "Bad Wiessee"]
[Date "2013.10.31"]
[Round "7.40"]
[White "Heimerdinger, Joerg"]
[Black "Hilverda, Alexander"]
[Result "0-1"]
[WhiteElo "2150"]
[BlackElo "2303"]
[PlyCount "60"]
[EventDate "2013.??.??"]
[WhiteTeam "TSV Bindlach Aktionär-Schachabte"]
[BlackTeam "SC Erlangen 48/88 e.V."]

1. e4 c5 2. Nf3 d6 3. c3 Nf6 4. Be2 g6 5. O-O Bg7 6. Re1 O-O 7. Bf1 Nc6 8. h3
e5 9. d4 exd4 10. cxd4 cxd4 11. Nxd4 Nxd4 12. Qxd4 Re8 13. Qd3 Bf5 14. f3 d5
15. g4 Qc7 16. Qe2 Qg3+ 17. Bg2 dxe4 18. f4 Nxg4 19. hxg4 Bxg4 20. Qf2 Bd4 21.
Be3 Qxf2+ 22. Kxf2 Bxb2 23. Nd2 Bxa1 24. Rxa1 Bf5 25. Rb1 b6 26. Rb4 Rac8 27.
Bf1 Rc2 28. Bc4 Be6 29. Bb5 Rd8 30. Ke1 f5 0-1

[Event "17. OIBM Bad Wiessee"]
[Site "Bad Wiessee"]
[Date "2013.10.31"]
[Round "7.41"]
[White "Bücker, Stefan"]
[Black "Behling, Robert"]
[Result "1-0"]
[WhiteElo "2301"]
[BlackElo "2124"]
[PlyCount "61"]
[EventDate "2013.??.??"]
[WhiteTeam "SC Pforzheim 1906"]
[BlackTeam "SK Caissa Augsburg"]

1. Nc3 d5 2. Nf3 Nf6 3. e3 c6 4. d4 Bg4 5. h3 Bh5 6. g4 Bg6 7. Ne5 Ne4 8. Bd3
Nxc3 9. Bxg6 hxg6 10. Qf3 f6 11. Nxg6 Rh6 12. Nxf8 Ne4 13. Ne6 Qa5+ 14. c3 Kf7
15. Nf4 Nd7 16. h4 e5 17. Nd3 Re8 18. g5 Rhh8 19. Qg4 Qc7 20. g6+ Ke7 21. f3
Nd6 22. dxe5 fxe5 23. e4 Kd8 24. Bg5+ Nf6 25. O-O-O Qd7 26. Qxd7+ Kxd7 27. Bxf6
gxf6 28. exd5 Rh5 29. Nc5+ Kc7 30. Ne6+ Kd7 31. Ng7 1-0

[Event "17. OIBM Bad Wiessee"]
[Site "Bad Wiessee"]
[Date "2013.10.31"]
[Round "7.42"]
[White "Prüske, Wolfgang"]
[Black "Rausch, Stephan"]
[Result "0-1"]
[WhiteElo "2132"]
[BlackElo "2294"]
[PlyCount "140"]
[EventDate "2013.??.??"]
[WhiteTeam "SC Hansa Dortmund e.V."]
[BlackTeam "SG Leipzig"]

1. e4 e6 2. d4 d5 3. Nc3 Bb4 4. exd5 exd5 5. Bd3 Nc6 6. a3 Bxc3+ 7. bxc3 Qf6 8.
Qh5 Qe7+ 9. Qe2 Nf6 10. Bg5 Qxe2+ 11. Nxe2 Ne4 12. Bf4 Nd6 13. Rb1 b6 14. O-O
Be6 15. Bxd6 cxd6 16. Bb5 Rc8 17. c4 O-O 18. cxd5 Bxd5 19. Nc3 Nb4 20. Nxd5
Nxd5 21. c4 Nc3 22. Rb2 Nxb5 23. cxb5 Rfe8 24. Rb4 Re2 25. Ra4 Rc7 26. g3 Kf8
27. Kg2 Rb2 28. Rb4 Rxb4 29. axb4 Rc4 30. Ra1 Rxd4 31. Rxa7 Rxb4 32. Rd7 Rxb5
33. Rxd6 Ke7 34. Rd4 Rc5 35. Kf3 Ke6 36. Ke4 b5 37. h4 f5+ 38. Ke3 Rd5 39. Rb4
Kd6 40. Rb1 Kc6 41. Kf4 Rc5 42. Rb2 Kd6 43. Kg5 Ke6 44. Re2+ Re5 45. Rb2 Kf7
46. h5 h6+ 47. Kf4 Kf6 48. f3 Rc5 49. Ke3 Ke5 50. f4+ Kd6 51. Rd2+ Rd5 52. Rb2
Kc6 53. Rb1 Kd6 54. Rb2 Rd1 55. g4 fxg4 56. Rg2 b4 57. Rxg4 b3 58. f5 Kc5 59.
Rg2 Kc4 60. Rxg7 Re1+ 61. Kf4 b2 62. Rb7 b1=Q 63. Rxb1 Rxb1 64. f6 Kd5 65. Kf5
Rf1+ 66. Kg6 Ke6 67. f7 Rg1+ 68. Kxh6 Kxf7 69. Kh7 Rh1 70. h6 Rh2 0-1

[Event "17. OIBM Bad Wiessee"]
[Site "Bad Wiessee"]
[Date "2013.10.31"]
[Round "7.43"]
[White "Wacker, Peter"]
[Black "Pfadenhauer, Johannes"]
[Result "0-1"]
[WhiteElo "2293"]
[BlackElo "2028"]
[PlyCount "63"]
[EventDate "2013.??.??"]
[WhiteTeam "Pulheimer SC 1924/57 e.V"]
[BlackTeam "TSV Bindlach Aktionär-Schachabte"]

1. e4 c5 2. c3 d6 3. d4 Nf6 4. Bd3 g6 5. dxc5 dxc5 6. e5 Nh5 7. h3 Nc6 8. Qe2
Ng7 9. Bh6 Ne6 10. Bd2 Bg7 11. f4 O-O 12. Na3 f6 13. exf6 Rxf6 14. O-O-O Kh8
15. g3 b5 16. Be4 Bb7 17. Nxb5 Qa5 18. Na3 Rb8 19. Nf3 Ba6 20. Bd3 Qb6 21. b3
Qa5 22. Kb2 Rxf4 23. Nc4 Bxc4 24. Bxc4 Nb4 25. a4 Rf5 26. Bxe6 c4 27. Bxc4 Rfb5
28. Be3 Bxc3+ 29. Kxc3 Nd5+ 30. Kb2 Rxb3+ 31. Bxb3 Qc3+ 32. Ka2 0-1

[Event "17. OIBM Bad Wiessee"]
[Site "Bad Wiessee"]
[Date "2013.10.31"]
[Round "7.44"]
[White "Müller, Constantin"]
[Black "Salvermoser, Bernd"]
[Result "1-0"]
[WhiteElo "2010"]
[BlackElo "2285"]
[PlyCount "57"]
[EventDate "2013.??.??"]
[WhiteTeam "SK München Südost e.V."]
[BlackTeam "SF Starnberger See e.V."]

1. c4 c5 2. g3 Nc6 3. Bg2 g6 4. Nc3 d6 5. d3 Rb8 6. a3 Bg7 7. Bd2 a6 8. Rb1 Bd7
9. b4 b6 10. e4 h5 11. h3 h4 12. g4 e5 13. g5 Nd4 14. Nge2 Ne6 15. Qc1 Ne7 16.
Nd5 Nc6 17. O-O Rh5 18. f4 exf4 19. Nexf4 Nxf4 20. Bxf4 Ne5 21. Bxe5 dxe5 22.
bxc5 bxc5 23. Qe3 Rc8 24. Qf3 Be6 25. Rb7 Rxg5 26. Rxf7 Rxg2+ 27. Kxg2 Qg5+ 28.
Kh1 Bxd5 29. exd5 1-0

[Event "17. OIBM Bad Wiessee"]
[Site "Bad Wiessee"]
[Date "2013.10.31"]
[Round "7.45"]
[White "Klek, Hanna Marie"]
[Black "Günther, Thomas"]
[Result "1-0"]
[WhiteElo "2283"]
[BlackElo "2082"]
[PlyCount "65"]
[EventDate "2013.??.??"]
[WhiteTeam "SC Erlangen 48/88 e.V."]

1. e4 c5 2. Nf3 Nc6 3. d4 cxd4 4. Nxd4 Nf6 5. Nc3 d6 6. Bg5 e6 7. Qd2 Be7 8.
O-O-O a6 9. f4 Bd7 10. Be2 b5 11. a3 Rc8 12. Bf3 O-O 13. Kb1 Qc7 14. Nxc6 Bxc6
15. Rhe1 Rfd8 16. Qe3 a5 17. Rd2 b4 18. axb4 axb4 19. Na2 Qa5 20. e5 Ra8 21.
Qb3 d5 22. exf6 gxf6 23. Bh6 Ba4 24. Qe3 Bb5 25. Bxd5 Rxd5 26. Rxd5 Qxa2+ 27.
Kc1 Kh8 28. Qg3 Rg8 29. Qxg8+ Kxg8 30. Rxb5 Bd6 31. Rb6 Qd5 32. Rd1 Qh5 33.
Rb8+ 1-0

[Event "17. OIBM Bad Wiessee"]
[Site "Bad Wiessee"]
[Date "2013.10.31"]
[Round "7.46"]
[White "Walter, Thomas"]
[Black "Epding, Olaf"]
[Result "1-0"]
[WhiteElo "2082"]
[BlackElo "2277"]
[PlyCount "59"]
[EventDate "2013.??.??"]
[WhiteTeam "SC Erlangen 48/88 e.V."]
[BlackTeam "SC NT Nürnberg 1873"]

1. d4 Nf6 2. Nc3 e6 3. e4 d5 4. Bg5 Be7 5. e5 Nfd7 6. h4 c5 7. Bxe7 Qxe7 8. Nb5
O-O 9. Nc7 cxd4 10. Nf3 f6 11. exf6 Nxf6 12. Nxa8 e5 13. Be2 Nc6 14. O-O Bf5
15. c4 dxc3 16. bxc3 Rxa8 17. Qb3 Rd8 18. Rad1 Kh8 19. Rfe1 h6 20. Rd2 e4 21.
Bf1 Qc7 22. Nh2 Ne5 23. Re3 Nfg4 24. Nxg4 Nxg4 25. Rg3 e3 26. Rxg4 exf2+ 27.
Rxf2 Bxg4 28. Qb4 Bh5 29. Bd3 b6 30. Rf8+ 1-0

[Event "17. OIBM Bad Wiessee"]
[Site "Bad Wiessee"]
[Date "2013.10.31"]
[Round "7.47"]
[White "Hecht, Carsten"]
[Black "Stockmann, Michael"]
[Result "1/2-1/2"]
[WhiteElo "2078"]
[BlackElo "2275"]
[PlyCount "156"]
[EventDate "2013.??.??"]
[WhiteTeam "SK Blauer Springer Paderborn 192"]
[BlackTeam "SF Schöneck"]

1. e4 c6 2. d4 d5 3. Nc3 dxe4 4. Nxe4 Bf5 5. Ng3 Bg6 6. Nf3 Nf6 7. h4 Nh5 8.
Nxh5 Bxh5 9. Be2 e6 10. Bf4 Nd7 11. Ne5 Nxe5 12. Bxe5 Qa5+ 13. c3 Bxe2 14. Qxe2
Qd5 15. O-O Be7 16. c4 Qd7 17. Qg4 Bf6 18. Bxf6 gxf6 19. d5 O-O-O 20. dxe6 Qxe6
21. Qxe6+ fxe6 22. Rfd1 Rhg8 23. f3 c5 24. Rxd8+ Rxd8 25. Re1 Rd6 26. Kf2 Kd7
27. Ke2 Rd4 28. Rd1 e5 29. Rxd4+ exd4 30. g4 h5 31. Kd3 Ke6 32. Ke4 a6 33. b3
Ke7 34. a3 a5 35. Kd3 Kf7 36. Ke4 Kg7 37. Kd3 Kh6 38. Ke2 Kg6 39. Kd3 Kf7 40.
Ke4 Ke7 41. Kf4 Kf8 42. a4 Kg7 43. Kg3 Kh6 44. Kf4 Kg6 45. Kg3 Kf7 46. Kf4 Kg6
47. Kg3 b6 48. Kf4 Kh6 49. Kg3 Kh7 50. Kf4 Kg6 51. Kg3 Kf7 52. Kf4 Ke6 53. Kg3
Ke5 54. f4+ Ke4 55. g5 fxg5 56. fxg5 Ke3 57. g6 d3 58. g7 d2 59. g8=Q d1=Q 60.
Qe6+ Kd3 61. Qxb6 Qg4+ 62. Kh2 Qxh4+ 63. Kg2 Qg5+ 64. Kh1 Kc2 65. Qxa5 Kxb3 66.
Qb5+ Kc3 67. a5 Qh4+ 68. Kg1 Qg4+ 69. Kh1 Qh3+ 70. Kg1 Qg3+ 71. Kh1 Qh4+ 72.
Kg2 Qe4+ 73. Kh2 Qe2+ 74. Kh1 Qe4+ 75. Kh2 Qe2+ 76. Kh1 Qf3+ 77. Kh2 Qe2+ 78.
Kh1 Qf3+ 1/2-1/2